Know why you believe. (Record no. 8664)

000 -LEADER
fixed length control field 00686nam a2200205 a 4500
001 - CONTROL NUMBER
control field :::00006440$&:&@@
003 - CONTROL NUMBER IDENTIFIER
control field OkBaRHE
005 - DATE AND TIME OF LATEST TRANSACTION
control field 20100401150055.0
008 - FIXED-LENGTH DATA ELEMENTS--GENERAL INFORMATION
fixed length control field s1968 j 000 0 eng u
040 ## - CATALOGING SOURCE
Transcribing agency
100 1# - MAIN ENTRY--PERSONAL NAME
Personal name Little, Paul E.
245 10 - TITLE STATEMENT
Title Know why you believe.
250 ## - EDITION STATEMENT
Edition statement [Rev. ed.]
260 ## - PUBLICATION, DISTRIBUTION, ETC. (IMPRINT)
Place of publication, distribution, etc Chicago, IL., :
Name of publisher, distributor, etc Inter-Varsity Press
Date of publication, distribution, etc 1968
300 ## - PHYSICAL DESCRIPTION
Extent ii, 110 p. ;
Dimensions 21 cm.
650 ## - SUBJECT ADDED ENTRY--TOPICAL TERM
Topical term or geographic name as entry element Apologetics
General subdivision 20th Century
942 ## - ADDED ENTRY ELEMENTS (KOHA)
Source of classification or shelving scheme
Koha item type Books
Copies
Date checked out Total Checkouts Current Location Withdrawn status Copy number Price effective from Full call number Permanent Location Shelving location Date acquired Date last seen Barcode Lost status Not for loan Koha item type Damaged status Source of classification or shelving scheme
    22010-04-14BT 1102 .L5 1968RHEMA Bible Training CollegeGeneral Stacks2010-04-142010-04-1420559  Books  
2013-09-201RHEMA Bible Training College 12010-04-14BT 1102 .L5 1968RHEMA Bible Training CollegeGeneral Stacks2010-04-142014-01-316440  Books